Score 0/16 Timer 04:00
0 Plays Today
Scrambled NBC show name NBC show name % Correct
SUTDARYA NTIGH IELVSaturday Night Live
100%
03 KRCO30 Rock
99.1%
SUCRBSScrubs
99.1%
LLIW & ACREG Will & Grace
99.1%
EHT ECVOIThe Voice
97.3%
HET COFFIE The Office
95.5%
FSHRE EPICRN FO ARIB-ELFresh Prince of Bel-Air
94.6%
RECHES Cheers
93.7%
Scrambled NBC show name NBC show name % Correct
KHTIGN DIERR Knight Rider
93.7%
MASSH Smash
92.8%
RAPSK NDA TROIRACNEEParks and Recreation
85.6%
EHT GITBESG ERSLOThe Biggest Loser
84.7%
FSEDINR Friends
83.8%
EOEHRSHeroes
67.6%
MNCYOUTMICommunity
66.7%
NARTPDOEHOParenthood
26.1%
Remove Ads.
Support Sporcle.
Get the best of Sporcle when you Go Orange. This ad-free experience offers more features, more stats, and more fun while also helping to support Sporcle. Thank you for becoming a member.

You're not logged in!

Compare scores with friends on all Sporcle quizzes.
OR
Log In

Show Comments

Extras

Top Quizzes Today


Score Distribution

Your Account Isn't Verified!

In order to create a playlist on Sporcle, you need to verify the email address you used during registration. Go to your Sporcle Settings to finish the process.

Report this User

Report this user for behavior that violates our Community Guidelines.

Details: